Modernizácia v Poľsku

Reforma dôchodkového poistenia v Poľsku od roku 1999. Tvorcovia reformy vychádzali z čílskeho modelu. Trojpilierové dôchodkové poistenie. Progresivita reformy.

Na minha lista:
Detalhes bibliográficos
Autor principal: Domanovský, Daniel
Formato: Capítulo de Livro
Idioma:eslovaco
Assuntos:
Tags: Adicionar Tag
Sem tags, seja o primeiro a adicionar uma tag!

MARC

LEADER 00000naa a2200000 4500
001 r034280
005 20230925071923.0
041 0 |a slo 
044 |a SK 
245 1 0 |a Modernizácia v Poľsku  |c Daniel Domanovský 
520 |a Reforma dôchodkového poistenia v Poľsku od roku 1999. Tvorcovia reformy vychádzali z čílskeho modelu. Trojpilierové dôchodkové poistenie. Progresivita reformy. 
610 2 0 |a poistenie dôchodkové 
610 2 0 |a Poľsko 
610 2 0 |a reformy 
610 2 0 |a fondy penzijné 
610 2 0 |a 1999 
100 1 |a Domanovský, Daniel